A Comprehensive Survey of Rock Art in Upper Tibet: Volume II

Saved in:

Main Author: John Vincent Bellezza

Format: Book

Language: Undetermined

Online Access: Login to view Source

Tags: Add Tag

No Tags, Be the first to tag this record!

Call Number:

LEADER 00475nmm a2200133Ia 4500
008 240716s9999||||xx |||||||||||||||||und||
020 |a 9781803276168 
020 |a 9781803276175 
100 |a John Vincent Bellezza 
245 1 2 |a A Comprehensive Survey of Rock Art in Upper Tibet: Volume II  |c John Vincent Bellezza 
264 |b Archaeopress Archaeology  |c 30-نوفمبر-23 
856 4 0 |u http://library.arce.org:8087/Archaeopress/Products/9781803276168 
942 |2 lcc  |c EBOOK 
999 |c 58980  |d 58980